追求你的另一半 (Record no. 8557)

000 -LEADER
fixed length control field 00462nam a22001817a 4500
003 - CONTROL NUMBER IDENTIFIER
control field MPLRDC
005 - DATE AND TIME OF LATEST TRANSACTION
control field 20220104114556.0
008 - FIXED-LENGTH DATA ELEMENTS--GENERAL INFORMATION
fixed length control field 210129b ||||| |||| 00| 0 eng d
020 ## - INTERNATIONAL STANDARD BOOK NUMBER
International Standard Book Number 7-205-00670-8
082 ## - DEWEY DECIMAL CLASSIFICATION NUMBER
Classification number 544.31 SMAL
100 ## - MAIN ENTRY--PERSONAL NAME
Personal name GARY SMALLEY
245 ## - TITLE STATEMENT
Title 追求你的另一半
Statement of responsibility, etc. 孙安迹等译
250 ## - EDITION STATEMENT
Edition statement 一版一刷
260 ## - PUBLICATION, DISTRIBUTION, ETC.
Place of publication, distribution, etc.
Name of publisher, distributor, etc. 辽宁人民出版社
Date of publication, distribution, etc. 1988
300 ## - PHYSICAL DESCRIPTION
Other physical details
650 ## - SUBJECT ADDED ENTRY--TOPICAL TERM
Topical term or geographic name entry element 家庭--婚姻指导
942 ## - ADDED ENTRY ELEMENTS (KOHA)
Koha item type Book
-- 544.31 SMAL
Holdings
Withdrawn status Lost status Source of classification or shelving scheme Damaged status Not for loan Collection code Home library Current library Shelving location Date acquired Cost, normal purchase price Total Checkouts Full call number Barcode Date last seen Date last checked out Price effective from Koha item type Public note
            Malaysian Public Library, Research and Development Centre Malaysian Public Library, Research and Development Centre   10/12/2007 7.00   544.31 SMAL 00008549 17/03/2021 30/07/2016 17/03/2021 Book mplrdc

© 2022. Malaysian Public Library, Research and Development Centre. All Right ReservedE-mailmplrdc@help.edu.my 

Powered by Koha